000 00555nam a2200217Ii 4500
003 JO-AjNU
008 230606s9999||||xx |||||||||||||| ||und||
020 _a978-0-415-28166-9
040 _aJO-AjNU
_beng
_erda
_cJO-AjNU
041 _aeng
050 1 4 _aPN228.M4.P86 2009
100 3 _aPunter,David,
_eauthor
_944
245 0 0 _aMETAPHOR
250 _a1 ed
264 3 1 _aNew York:Routledge,2009
300 _a158P
336 _atext
_btxt
_2rdacontent
337 _aunmediated
_bn
_2rdamedia
338 _avolume
_bnc
_2rdacarrier
650 4 _aMetaphor
_945
999 _aE26
_c26
_d26